Normal view MARC view

Entry Personal Name

Number of records used in: 1

001 - CONTROL NUMBER

  • control field: 9958

003 - CONTROL NUMBER IDENTIFIER

  • control field: DLC

005 - DATE AND TIME OF LATEST TRANSACTION

  • control field: 20231127162615.0

008 - FIXED-LENGTH DATA ELEMENTS

  • fixed length control field: 871125n| acannaab| |a aaa |||

010 ## - LIBRARY OF CONGRESS CONTROL NUMBER

  • LC control number: n 85106781

040 ## - CATALOGING SOURCE

  • Original cataloging agency: DLC
  • Transcribing agency: DLC
  • Modifying agency: DLC

100 10 - HEADING--PERSONAL NAME

  • Personal name: Srivastava, C. B. L.
  • Fuller form of name: (Chhail Behari Lal),
  • Dates associated with a name: 1938-

400 00 - SEE FROM TRACING--PERSONAL NAME

  • Personal name: Chaila Bihārī Lāla Śrīvāstava,
  • Dates associated with a name: 1938-

400 10 - SEE FROM TRACING--PERSONAL NAME

  • Personal name: Srivastava, Chhail Behari Lal,
  • Dates associated with a name: 1938-

400 10 - SEE FROM TRACING--PERSONAL NAME

  • Personal name: Śrīvāstava, Chaila Bihārī Lāla,
  • Dates associated with a name: 1938-

670 ## - SOURCE DATA FOUND

  • Source citation: All India Symposium on Developmental Biology (6th : 1984 : University of Allahabad, India). Recent advances in developmental biology of animals, 1986:
  • Information found: t.p. (C.B.L. Srivastava, Dept. of Zoology, U. of Allahabad)

670 ## - SOURCE DATA FOUND

  • Source citation: Ltr. fr. auth., 9/16/87
  • Information found: (Chaila Bihārī Lāla Śrīvāstava; Srivastava, Chhail Behari Lal; b. 2/28/1938)

Powered by Koha